[Event "European Blitz Championship 2021"]
[Site "Katowice"]
[Date "2021.12.17"]
[Round "22.14"]
[White "Pavlidou, Ekaterini"]
[Black "Paprocki, Jaroslaw"]
[Result "1/2-1/2"]
[WhiteElo "2177"]
[BlackElo "2165"]
[Annotator "NA"]
[PlyCount "88"]
[EventDate "2021.12.17"]
[EventType "swiss"]
[EventCountry "POL"]
[SourceTitle "playchess.com"]
[Source "ChessBase"]
[SourceQuality "1"]

1. d4 d5 2. c4 c6 3. cxd5 cxd5 4. Bf4 Nf6 5. Nc3 a6 6. e3 Bf5 7. Be2 Nc6 8. Qb3
Na5 9. Qa4+ b5 10. Qd1 Rc8 11. Nf3 e6 12. O-O Bd6 13. Ne5 O-O 14. g4 Bg6 15. f3
b4 16. Nxg6 hxg6 17. Bxd6 Qxd6 18. Na4 Nd7 19. b3 f5 20. Bxa6 Qxa6 21. g5 Nb7
22. f4 Rc7 23. h4 Rfc8 24. h5 Rc2 25. hxg6 Qe2 26. Qxe2 Rxe2 27. Rfc1 Rcc2 28.
Rxc2 Rxc2 29. a3 Nf8 30. axb4 Nxg6 31. Nc5 Nxc5 32. bxc5 Ne7 33. Ra8+ Kf7 34.
Ra7 Rb2 35. Rb7 Ke8 36. b4 Ng6 37. b5 Nh4 38. c6 Nf3+ 39. Kf1 Rd2 40. Rb8+ Kf7
41. c7 Nh2+ 42. Kg1 Nf3+ 43. Kf1 Nh2+ 44. Kg1 Nf3+ 1/2-1/2

[Event "European Blitz Championship 2021"]
[Site "Katowice"]
[Date "2021.12.17"]
[Round "22.15"]
[White "Sadzikowski, Daniel"]
[Black "Budrewicz, Krzysztof"]
[Result "0-1"]
[WhiteElo "2525"]
[BlackElo "2183"]
[Annotator "ChessBase"]
[PlyCount "177"]
[EventDate "2021.12.17"]
[EventType "swiss"]
[EventCountry "POL"]
[SourceTitle "playchess.com"]
[Source "ChessBase"]
[SourceQuality "1"]

1. c4 Nf6 2. Nc3 g6 3. g3 Bg7 4. Bg2 O-O 5. d3 d6 6. a3 e5 7. Nf3 Re8 8. O-O c6
9. e4 Nbd7 10. b4 a5 11. Rb1 axb4 12. axb4 Nf8 13. h3 h6 14. Re1 Ne6 15. Be3
Nd7 16. d4 exd4 17. Nxd4 Ne5 18. Nxe6 Bxe6 19. c5 Ra3 20. Na4 Ba2 21. Ra1 Bb3
22. Rxa3 Bxd1 23. Rxd1 Nc4 24. Rad3 Qa8 25. Nb6 Nxb6 26. cxb6 Bf8 27. Bf4 Qa6
28. Bxd6 Bxd6 29. Rxd6 Qxb6 30. R1d4 Ra8 31. e5 Ra1+ 32. Kh2 Re1 33. f4 Re2 34.
h4 Rb2 35. Rd8+ Kg7 36. R8d7 Rxb4 37. Rxb4 Qxb4 38. e6 Kf6 39. e7 Qe1 40. Rxb7
c5 41. Bc6 Qe2+ 42. Kh3 Qf1+ 43. Kh2 Qe2+ 44. Kh3 Qe6+ 45. f5 Qxc6 46. Rb6 Qxb6
47. e8=Q gxf5 48. Qh8+ Ke7 49. Qe5+ Kd7 50. Kh2 Qc7 51. Qxf5+ Ke7 52. Qh5 Qd6
53. Qe2+ Qe6 54. Qd2 c4 55. Qb4+ Kf6 56. Qc3+ Kg6 57. Qc2+ f5 58. Qc3 h5 59.
Kg1 Qb6+ 60. Kh2 Qc6 61. Kg1 Qd5 62. Qh8 Qd1+ 63. Kg2 Qe2+ 64. Kg1 Qe3+ 65. Kg2
Qe4+ 66. Kh2 Qg4 67. Qd8 Qe2+ 68. Kg1 Qe3+ 69. Kg2 Qd3 70. Qe8+ Kf6 71. Qxh5 c3
72. Qh8+ Ke6 73. Qe8+ Kd5 74. Qd7+ Kc4 75. Qc6+ Kb3 76. Qb7+ Kc2 77. Kh3 Qf1+
78. Kh2 Qe2+ 79. Kh3 Kd2 80. Qd5+ Qd3 81. Qa5 Kd1 82. h5 c2 83. Qa4 Qf1+ 84.
Kh4 Qf3 85. Qd4+ Ke2 86. Qc4+ Qd3 87. Qc8 Kd1 88. h6 c1=Q 89. Qe6 0-1

[Event "European Blitz Championship 2021"]
[Site "Katowice"]
[Date "2021.12.17"]
[Round "22.15"]
[White "Sliwicka, Alicja"]
[Black "Zgadzaj, Rafal"]
[Result "1-0"]
[WhiteElo "2155"]
[BlackElo "2087"]
[Annotator "NA"]
[PlyCount "55"]
[EventDate "2021.12.17"]
[EventType "swiss"]
[EventCountry "POL"]
[SourceTitle "playchess.com"]
[Source "ChessBase"]
[SourceQuality "1"]

1. e4 d6 2. d4 Nf6 3. Nc3 g6 4. f4 Bg7 5. Nf3 O-O 6. Bd3 Nc6 7. e5 dxe5 8. fxe5
Nd5 9. Nxd5 Qxd5 10. c3 f6 11. Qe2 Qa5 12. exf6 exf6 13. O-O Bg4 14. h3 Rae8
15. Qf2 Bd7 16. Bf4 Ne7 17. b4 Qb6 18. a4 c6 19. Bd6 Qd8 20. Qg3 Kh8 21. Rae1
a6 22. a5 Bf5 23. Bc4 Qd7 24. Nh4 Rd8 25. Bxe7 Rde8 26. Nxf5 gxf5 27. Bxf8 Rxf8
28. Be6 1-0

[Event "European Blitz Championship 2021"]
[Site "Katowice"]
[Date "2021.12.17"]
[Round "22.16"]
[White "Brodowski, Piotr"]
[Black "Vetoshko, Volodymyr"]
[Result "1-0"]
[WhiteElo "2335"]
[BlackElo "2525"]
[Annotator "ChessBase"]
[PlyCount "53"]
[EventDate "2021.12.17"]
[EventType "swiss"]
[EventCountry "POL"]
[SourceTitle "playchess.com"]
[Source "ChessBase"]
[SourceQuality "1"]

1. c4 e6 2. Nf3 d5 3. e3 Nf6 4. Qc2 c6 5. b3 Bd6 6. Bb2 Nbd7 7. Nc3 O-O 8. Be2
a6 9. g4 b5 10. g5 Ne8 11. h4 b4 12. Na4 e5 13. d4 exd4 14. Nxd4 Bb7 15. c5 Bc7
16. O-O-O Be5 17. Bd3 g6 18. h5 Qe7 19. hxg6 fxg6 20. f4 Bg7 21. Rh3 Nc7 22.
Rdh1 Rf7 23. Kb1 Nf8 24. f5 Qxg5 25. fxg6 hxg6 26. Nf3 Qxe3 27. Rh8+ 1-0

[Event "European Blitz Championship 2021"]
[Site "Katowice"]
[Date "2021.12.17"]
[Round "22.16"]
[White "Malek, Jan"]
[Black "Pacuszka, Tomasz"]
[Result "1/2-1/2"]
[WhiteElo "1838"]
[BlackElo "2145"]
[Annotator "NA"]
[PlyCount "66"]
[EventDate "2021.12.17"]
[EventType "swiss"]
[EventCountry "POL"]
[SourceTitle "playchess.com"]
[Source "ChessBase"]
[SourceQuality "1"]

1. d4 d5 2. c4 e5 3. dxe5 d4 4. Nf3 Nc6 5. a3 a5 6. e3 Bc5 7. exd4 Nxd4 8. Be3
Bg4 9. Be2 Bxf3 10. Bxf3 Ne7 11. O-O O-O 12. Nc3 Ng6 13. Bxb7 Rb8 14. Bd5 Nb3
15. Bxc5 Nxc5 16. Qd4 Nb3 17. Qe4 Nxa1 18. Rxa1 Rxb2 19. Nb5 Qg5 20. Re1 Qd2
21. Rf1 Rc2 22. Nxc7 Rc1 23. e6 fxe6 24. Qxe6+ Kh8 25. Bf3 Nf4 26. Qe3 Rxf1+
27. Kxf1 Qd6 28. Nd5 Ne6 29. g3 Nc5 30. Kg2 a4 31. Nf4 Nb3 32. Bd5 Qxa3 33. Qe4
Qd6 1/2-1/2

[Event "European Blitz Championship 2021"]
[Site "Katowice"]
[Date "2021.12.17"]
[Round "22.17"]
[White "Mis, Mieszko"]
[Black "Gumularz, Szymon"]
[Result "1-0"]
[WhiteElo "2200"]
[BlackElo "2533"]
[Annotator "ChessBase"]
[PlyCount "57"]
[EventDate "2021.12.17"]
[EventType "swiss"]
[EventCountry "POL"]
[SourceTitle "playchess.com"]
[Source "ChessBase"]
[SourceQuality "1"]

1. d4 d6 2. Nf3 Nf6 3. g3 g6 4. Bg2 Bg7 5. O-O O-O 6. c4 Nbd7 7. Nc3 e5 8. e4
Re8 9. Qc2 exd4 10. Nxd4 Nxe4 11. Nxe4 Bxd4 12. Bg5 f6 13. Rad1 fxg5 14. Rxd4
Ne5 15. c5 Nf7 16. Rfd1 Bf5 17. Qb3 Kg7 18. cxd6 cxd6 19. Nxd6 Nxd6 20. Rxd6
Qc7 21. Qb4 Qe7 22. g4 Be6 23. Qd4+ Kh6 24. f4 Bf7 25. Rd7 Qe6 26. fxg5+ Kxg5
27. Qd2+ Kh4 28. Qh6+ Kxg4 29. Bh3+ 1-0

[Event "European Blitz Championship 2021"]
[Site "Katowice"]
[Date "2021.12.17"]
[Round "22.18"]
[White "Sumets, Andrey"]
[Black "Zakrzewski, Marek"]
[Result "1/2-1/2"]
[WhiteElo "2527"]
[BlackElo "2279"]
[Annotator "ChessBase"]
[PlyCount "74"]
[EventDate "2021.12.17"]
[EventType "swiss"]
[EventCountry "POL"]
[SourceTitle "playchess.com"]
[Source "ChessBase"]
[SourceQuality "1"]

1. d4 d5 2. c4 c6 3. cxd5 cxd5 4. Nc3 Nf6 5. Bf4 Nc6 6. e3 a6 7. Rc1 Bf5 8. Nf3
Rc8 9. Ne5 Qb6 10. Bd3 Bxd3 11. Nxd3 e6 12. O-O Nd7 13. Na4 Qa7 14. b4 Be7 15.
Nac5 Nb6 16. a4 O-O 17. b5 Na5 18. Qg4 Rfe8 19. Ne5 Nac4 20. Bh6 Bf8 21. Ned7
g6 22. Bxf8 Rxf8 23. Nxf8 Rxf8 24. Rc2 axb5 25. axb5 Qa5 26. e4 Qxb5 27. h4 h5
28. Qg3 Nd7 29. Nxd7 Qxd7 30. Rc3 b5 31. Rcc1 b4 32. Rfe1 Qb5 33. Qb3 Nd2 34.
Qb2 Nc4 35. Qb3 Nd2 36. Qe3 Nc4 37. Qb3 Nd2 1/2-1/2

[Event "European Blitz Championship 2021"]
[Site "Katowice"]
[Date "2021.12.17"]
[Round "22.18"]
[White "Hlavina, Matous"]
[Black "Lewtak, Dominik"]
[Result "1/2-1/2"]
[WhiteElo "2125"]
[BlackElo "2165"]
[Annotator "NA"]
[PlyCount "125"]
[EventDate "2021.12.17"]
[EventType "swiss"]
[EventCountry "POL"]
[SourceTitle "playchess.com"]
[Source "ChessBase"]
[SourceQuality "1"]

1. e4 c5 2. Nf3 Nf6 3. Nc3 Nc6 4. d4 d5 5. exd5 Nxd5 6. Nxd5 Qxd5 7. c3 cxd4 8.
cxd4 Bg4 9. Be2 e6 10. O-O Be7 11. Be3 O-O 12. Qa4 Rfd8 13. Rfd1 Bf6 14. Rac1
Rac8 15. h3 Bh5 16. Rc5 Bxf3 17. Rxd5 Bxd5 18. Bf3 Bxf3 19. gxf3 Rd5 20. Kg2
Rcd8 21. Qb3 R8d7 22. a3 h6 23. f4 Bxd4 24. Bxd4 Rxd4 25. Rxd4 Nxd4 26. Qc4 Nc6
27. b4 a6 28. Qc5 Kh7 29. b5 axb5 30. Qxb5 g6 31. a4 Kg7 32. Qb2+ f6 33. Qb5
Kf7 34. h4 h5 35. a5 Ke8 36. a6 Nd4 37. axb7 Nxb5 38. b8=Q+ Kf7 39. Qxb5 Rc7
40. Kg3 Ra7 41. Qc5 Rb7 42. Kf3 Rb3+ 43. Ke4 Rb7 44. Kd4 Rd7+ 45. Kc4 Rb7 46.
Qc6 Ra7 47. Kc5 Re7 48. Kd6 e5 49. Qd5+ Kf8 50. Qg2 Kf7 51. Qd5+ Kf8 52. fxe5
Rxe5 53. Qa8+ Kg7 54. Qb7+ Kh6 55. Qc8 g5 56. Qh8+ Kg6 57. Qg8+ Kh6 58. hxg5+
Rxg5 59. Qf8+ Kg6 60. f4 Rg4 61. f5+ Kxf5 62. Qc8+ Kg5 63. Qg8+ 1/2-1/2

[Event "European Blitz Championship 2021"]
[Site "Katowice"]
[Date "2021.12.17"]
[Round "22.19"]
[White "Andersen, Mads"]
[Black "Nemec, Jachym"]
[Result "1-0"]
[WhiteElo "2575"]
[BlackElo "2126"]
[Annotator "ChessBase"]
[PlyCount "45"]
[EventDate "2021.12.17"]
[EventType "swiss"]
[EventCountry "POL"]
[SourceTitle "playchess.com"]
[Source "ChessBase"]
[SourceQuality "1"]

1. d4 Nf6 2. c4 g6 3. Nc3 d5 4. Bf4 Bg7 5. e3 O-O 6. cxd5 Nxd5 7. Nxd5 Qxd5 8.
Bxc7 Bf5 9. Ne2 Na6 10. Nc3 Qc6 11. Bg3 Nb4 12. Rc1 Rfc8 13. a3 Nd5 14. Be2
Nxc3 15. bxc3 Qb6 16. O-O Qa5 17. c4 Qxa3 18. Qd2 Qa6 19. c5 Qc6 20. Bf3 Qd7
21. Qb4 a5 22. Qxb7 Qe6 23. Qb6 1-0

[Event "European Blitz Championship 2021"]
[Site "Katowice"]
[Date "2021.12.17"]
[Round "22.19"]
[White "Szwed, Jacek"]
[Black "Kaliszuk, Kamil"]
[Result "1-0"]
[WhiteElo "2346"]
[BlackElo "1830"]
[Annotator "NA"]
[PlyCount "115"]
[EventDate "2021.12.17"]
[EventType "swiss"]
[EventCountry "POL"]
[SourceTitle "playchess.com"]
[Source "ChessBase"]
[SourceQuality "1"]

1. e4 c5 2. Nf3 e6 3. d4 cxd4 4. Nxd4 Nf6 5. Nc3 Nc6 6. g3 a6 7. Bg2 Qc7 8. O-O
Nxd4 9. Qxd4 Bc5 10. Bf4 d6 11. Qd2 h6 12. Rad1 e5 13. Be3 Bb4 14. Nb5 axb5 15.
Qxb4 Rxa2 16. Qxb5+ Bd7 17. Qb3 Be6 18. Qb5+ Bd7 19. Qb4 O-O 20. c3 Be6 21.
Rxd6 Rxb2 22. Qxb2 Qxd6 23. Qxb7 Rc8 24. Qb4 Qc6 25. Rc1 Bc4 26. h3 Kh7 27. Kh2
Ra8 28. Qc5 Qxc5 29. Bxc5 Rc8 30. Bd6 Bd3 31. Bxe5 Nxe4 32. Bd4 f5 33. g4 g6
34. Ra1 Rc7 35. gxf5 gxf5 36. Ra5 Nxc3 37. Be5 Rc8 38. Ra7+ Kg8 39. Bf3 Be4 40.
Bh5 Bd5 41. Rg7+ Kf8 42. Rh7 Ne4 43. Bg7+ Ke7 44. Bd4+ Kd6 45. Rxh6+ Kc7 46. f3
Nd2 47. Be5+ Kb7 48. Rd6 Nxf3+ 49. Kg3 Nxe5 50. Rxd5 Rg8+ 51. Kf4 Nc6 52. Bf3
Kb6 53. Rd6 Rc8 54. Rxc6+ Rxc6 55. Bxc6 Kxc6 56. Kxf5 Kd7 57. Kg6 Ke8 58. Kg7
1-0

[Event "European Blitz Championship 2021"]
[Site "Katowice"]
[Date "2021.12.17"]
[Round "22.20"]
[White "Kyc, Jerzy"]
[Black "Kacprzak, Karol"]
[Result "1-0"]
[WhiteElo "2250"]
[BlackElo "2155"]
[Annotator "NA"]
[PlyCount "175"]
[EventDate "2021.12.17"]
[EventType "swiss"]
[EventCountry "POL"]
[SourceTitle "playchess.com"]
[Source "ChessBase"]
[SourceQuality "1"]

1. e4 c5 2. Nf3 d6 3. d4 cxd4 4. Nxd4 Nf6 5. Nc3 a6 6. Bg5 e6 7. Qd2 Be7 8. f3
b5 9. Be3 Bb7 10. Bd3 O-O 11. O-O-O Nbd7 12. g4 Nb6 13. h4 Nfd7 14. g5 Ne5 15.
f4 Nec4 16. Qe2 Nxe3 17. Qxe3 Rc8 18. f5 e5 19. Nf3 f6 20. gxf6 Bxf6 21. Ng5
Nd7 22. Nd5 Bxd5 23. exd5 Qa5 24. Kb1 e4 25. Bxe4 Qb4 26. Qb3 Qa5 27. Ne6 Nc5
28. Nxc5 Rxc5 29. h5 Rc4 30. Qd3 Qb4 31. c3 Bxc3 32. Rh2 Rd4 33. Qxc3 Rxd1+ 34.
Kc2 Rd4 35. Bd3 Qxc3+ 36. bxc3 Rxd5 37. Rg2 Rf6 38. Rg3 Re5 39. c4 Rh6 40. cxb5
axb5 41. Rg5 Rf6 42. Rg4 Rfxf5 43. Bxf5 Rxf5 44. h6 g5 45. Rd4 d5 46. Rb4 Kf7
47. Rxb5 Kg6 48. a4 Kxh6 49. a5 g4 50. a6 Rf6 51. a7 Ra6 52. Rb6+ Rxb6 53. a8=Q
Rg6 54. Qxd5 g3 55. Qg2 Kg7 56. Kd3 h5 57. Ke4 Kh6 58. Kf5 Rg5+ 59. Kf6 Rg6+
60. Kf7 Rg7+ 61. Kf8 Rg4 62. Kf7 Rg7+ 63. Kf6 Rg6+ 64. Kf5 Rg5+ 65. Kf4 Rg4+
66. Kf3 Rg6 67. Qd2+ Kh7 68. Kg2 Rg7 69. Qd5 Kh6 70. Qf5 Rg6 71. Qf8+ Kh7 72.
Qf4 Rg7 73. Qf6 Rg6 74. Qe5 h4 75. Qh5+ Rh6 76. Qf7+ Kh8 77. Kh3 g2 78. Kxg2
h3+ 79. Kh2 Ra6 80. Qe8+ Kg7 81. Qe7+ Kh6 82. Qh4+ Kg7 83. Qe7+ Kh6 84. Kxh3
Rg6 85. Kh4 Rg7 86. Qf6+ Kh7 87. Kh5 Rg8 88. Qh6# 1-0

[Event "European Blitz Championship 2021"]
[Site "Katowice"]
[Date "2021.12.17"]
[Round "22.21"]
[White "Zychowski, Marek"]
[Black "Reimanis, Ritvars"]
[Result "0-1"]
[WhiteElo "1838"]
[BlackElo "2397"]
[Annotator "NA"]
[PlyCount "63"]
[EventDate "2021.12.17"]
[EventType "swiss"]
[EventCountry "POL"]
[SourceTitle "playchess.com"]
[Source "ChessBase"]
[SourceQuality "1"]

1. e4 c5 2. Nf3 Nc6 3. Bc4 e6 4. Nc3 Nf6 5. e5 d5 6. exf6 dxc4 7. fxg7 Bxg7 8.
Ne4 b6 9. O-O Bb7 10. Re1 Nd4 11. d3 Bxe4 12. Rxe4 cxd3 13. cxd3 Nc6 14. Bg5
Qd7 15. Qe2 O-O 16. Rg4 Kh8 17. Bf4 f6 18. Rh4 Qd5 19. a3 Rae8 20. Bh6 Rf7 21.
Re1 e5 22. Nd2 Bxh6 23. Rxh6 Rg8 24. f3 Nd4 25. Qf1 Nc2 26. Re4 Rg6 27. Rh3 f5
28. Reh4 Ne3 29. Qf2 Rxg2+ 30. Qxg2 Nxg2 31. Kxg2 Qxd3 32. Nf1 0-1

[Event "European Blitz Championship 2021"]
[Site "Katowice"]
[Date "2021.12.17"]
[Round "22.22"]
[White "Tymrakiewicz, Rafal"]
[Black "Gdanski, Jacek"]
[Result "0-1"]
[WhiteElo "2172"]
[BlackElo "2367"]
[Annotator "NA"]
[PlyCount "95"]
[EventDate "2021.12.17"]
[EventType "swiss"]
[EventCountry "POL"]
[SourceTitle "playchess.com"]
[Source "ChessBase"]
[SourceQuality "1"]

1. d4 Nf6 2. Bg5 d5 3. e3 Ne4 4. Bf4 c5 5. c3 Nc6 6. Nd2 Bf5 7. Nxe4 Bxe4 8.
Qb3 Qd7 9. Nf3 Bxf3 10. gxf3 e6 11. Rd1 cxd4 12. exd4 Be7 13. Bd3 O-O 14. Rg1
Kh8 15. Bb1 Rac8 16. Qc2 f5 17. Qe2 Bd6 18. Qd2 Rce8 19. Bxd6 Qxd6 20. Qg5 Rf7
21. Kf1 Qxh2 22. Re1 Qh3+ 23. Rg2 Qxf3 24. Re3 Qd1+ 25. Re1 Qf3 26. Re3 Qd1+
27. Re1 Qa4 28. Bxf5 Nxd4 29. Bg4 Nf5 30. b3 Qd7 31. Kg1 Ref8 32. Rh2 Rf6 33.
Bxf5 Rxf5 34. Qg6 h6 35. Rxe6 R5f6 36. Rxh6+ gxh6 37. Rxf6 Rxf6 38. Qxf6+ Qg7+
39. Qxg7+ Kxg7 40. Kg2 Kf6 41. Kg3 Kf5 42. Kf3 b5 43. a4 bxa4 44. bxa4 a5 45.
Ke3 h5 46. Kf3 h4 47. Ke3 Kg4 48. Kd4 0-1

[Event "European Blitz Championship 2021"]
[Site "Katowice"]
[Date "2021.12.17"]
[Round "22.22"]
[White "Putlak, Wojciech"]
[Black "Kossobudzki, Robert"]
[Result "1/2-1/2"]
[WhiteElo "2153"]
[BlackElo "1908"]
[Annotator "NA"]
[PlyCount "111"]
[EventDate "2021.12.17"]
[EventType "swiss"]
[EventCountry "POL"]
[SourceTitle "playchess.com"]
[Source "ChessBase"]
[SourceQuality "1"]

1. Nf3 b5 2. g3 Bb7 3. Bg2 Nf6 4. O-O e6 5. b3 Be7 6. Bb2 O-O 7. d3 d6 8. Nbd2
Nbd7 9. e4 c5 10. e5 dxe5 11. Nxe5 Bxg2 12. Kxg2 Nxe5 13. Bxe5 Qd5+ 14. Nf3
Rfd8 15. Qe2 Ng4 16. Bb2 Qh5 17. h3 Nf6 18. Qe5 Rd5 19. Qxh5 Nxh5 20. Rfe1 Bf6
21. Bxf6 gxf6 22. Nd2 f5 23. a4 b4 24. Nc4 Nf6 25. Re2 Nd7 26. Rae1 Kg7 27. f4
Kf6 28. Kf3 Rc8 29. g4 fxg4+ 30. hxg4 h5 31. g5+ Kg6 32. Rh2 Rh8 33. Reh1 e5
34. Ne3 Rd4 35. f5+ Kxg5 36. Rg2+ Kf6 37. Rhg1 Rf4+ 38. Ke2 Rd4 39. Kf3 Rf4+
40. Ke2 Rd4 41. Rh1 e4 42. dxe4 Rxe4 43. Kf3 Rd4 44. Rd1 Ne5+ 45. Ke2 Rxd1 46.
Kxd1 h4 47. Ke2 h3 48. Rh2 Kg5 49. Kf2 Kf4 50. Nd5+ Kxf5 51. Kg3 Ke4 52. Nf6+
Kd4 53. Rd2+ Kc3 54. Ne4+ Kb2 55. Rh2 Nd7 56. Ng5 1/2-1/2

[Event "European Blitz Championship 2021"]
[Site "Katowice"]
[Date "2021.12.17"]
[Round "22.23"]
[White "Starek, Stanislav"]
[Black "Piesik, Piotr"]
[Result "0-1"]
[WhiteElo "2159"]
[BlackElo "2336"]
[Annotator "NA"]
[PlyCount "102"]
[EventDate "2021.12.17"]
[EventType "swiss"]
[EventCountry "POL"]
[SourceTitle "playchess.com"]
[Source "ChessBase"]
[SourceQuality "1"]

1. d4 c5 2. d5 e5 3. e4 d6 4. Nc3 Be7 5. Bb5+ Nd7 6. Nge2 a6 7. Bxd7+ Bxd7 8.
O-O b5 9. f4 exf4 10. Bxf4 Qc7 11. a4 b4 12. Nb1 Nf6 13. Nd2 O-O 14. Ng3 c4 15.
c3 bxc3 16. bxc3 Ng4 17. Qe2 Rac8 18. Nf5 Bxf5 19. exf5 Ne5 20. Bxe5 dxe5 21.
Ne4 f6 22. Rfd1 Rfd8 23. Rab1 Qa5 24. Rb7 Rc7 25. Rdb1 Bf8 26. Qg4 Kh8 27. Qh4
Rxb7 28. Rxb7 Qxd5 29. Rb1 Bc5+ 30. Kh1 Be3 31. Rf1 Qd3 32. Re1 Rf8 33. h3 Bf4
34. Qf2 Rb8 35. Qa7 Rd8 36. Qf2 h6 37. g3 Bd2 38. Re2 Bxc3 39. Kg2 Bd4 40. Qf3
Qxf3+ 41. Kxf3 Rb8 42. Rc2 Rb4 43. a5 Kg8 44. Kg4 Kf8 45. Kh5 c3 46. Kg6 Rb2
47. Rc1 c2 48. Nd2 Be3 49. Ra1 Bxd2 50. Ra3 c1=Q 51. Rd3 Qc7 0-1

[Event "European Blitz Championship 2021"]
[Site "Katowice"]
[Date "2021.12.17"]
[Round "22.23"]
[White "Vingris. Mikelis"]
[Black "Rigopoulos-Tsigkos, Alexandros"]
[Result "0-1"]
[WhiteElo "1844"]
[BlackElo "2152"]
[Annotator "NA"]
[PlyCount "94"]
[EventDate "2021.12.17"]
[EventType "swiss"]
[EventCountry "POL"]
[SourceTitle "playchess.com"]
[Source "ChessBase"]
[SourceQuality "1"]

1. e4 c5 2. Nf3 e6 3. d4 cxd4 4. Nxd4 a6 5. Nc3 b5 6. a3 Bb7 7. g3 Qc7 8. Bg2
d6 9. O-O Nd7 10. Be3 Ngf6 11. Qe2 Be7 12. Rfe1 Rc8 13. Rad1 Ne5 14. a4 b4 15.
Na2 Nc4 16. Nxb4 Nxe3 17. Qxe3 d5 18. Na2 dxe4 19. Nc3 Bb4 20. Nde2 O-O 21. h3
Nd5 22. Nxd5 exd5 23. c3 Bc5 24. Nd4 Rce8 25. Qg5 h6 26. Qg4 Bc8 27. Nf5 Bxf5
28. Qxf5 Re5 29. Qf4 Qe7 30. Kh2 Rd8 31. h4 Re6 32. c4 Rf6 33. Qg4 Bxf2 34. Re2
Rg6 35. Qf5 Bxg3+ 36. Kg1 Qxh4 37. Kf1 Rf6 38. Qxf6 Qxf6+ 39. Kg1 d4 40. Bxe4
Qf4 41. Bg2 d3 42. Red2 Qe3+ 43. Kh1 Rd4 44. Bh3 Qf3+ 45. Bg2 Rh4+ 46. Kg1 Qe3+
47. Kf1 Rf4+ 0-1

[Event "European Blitz Championship 2021"]
[Site "Katowice"]
[Date "2021.12.17"]
[Round "22.24"]
[White "Ortega Ruiz, Jose Miguel"]
[Black "Koziorowicz, Michal"]
[Result "1-0"]
[WhiteElo "2317"]
[BlackElo "2094"]
[Annotator "NA"]
[PlyCount "143"]
[EventDate "2021.12.17"]
[EventType "swiss"]
[EventCountry "POL"]
[SourceTitle "playchess.com"]
[Source "ChessBase"]
[SourceQuality "1"]

1. d4 f5 2. g3 Nf6 3. Bg2 e6 4. c4 Be7 5. Nc3 d6 6. Nf3 O-O 7. O-O Ne4 8. Rb1
Nxc3 9. bxc3 Nc6 10. Qd3 e5 11. dxe5 dxe5 12. Qd5+ Kh8 13. Rd1 e4 14. Nd4 Nxd4
15. cxd4 Qxd5 16. cxd5 Bd6 17. f3 exf3 18. Bxf3 b6 19. Bf4 Ba6 20. Bxd6 cxd6
21. Rdc1 Rac8 22. Rc6 Rfd8 23. Rbc1 Bb7 24. Rc7 Ba6 25. Kf2 Kg8 26. R1c6 Ra8
27. a4 Bc8 28. Re7 Kh8 29. Rcc7 Rg8 30. Rxa7 Rxa7 31. Rxa7 Re8 32. Rc7 Kg8 33.
Rc6 Bd7 34. Rxd6 Bxa4 35. Rxb6 Kf7 36. Bh5+ g6 37. Bf3 h6 38. d6 Rd8 39. Bd5+
Kf8 40. Be6 Kg7 41. Ke3 Kf6 42. Bc4 Bd7 43. Kd3 g5 44. Rb7 h5 45. Ke3 Re8+ 46.
Kf2 Rd8 47. h4 gxh4 48. gxh4 f4 49. Bd5 Bg4 50. Rf7+ Kg6 51. Rxf4 Rxd6 52. e4
Rb6 53. Rf8 Rb2+ 54. Ke3 Re2+ 55. Kd3 Rh2 56. e5 Rh3+ 57. Kc4 Re3 58. Kc5 Re1
59. Kd6 Kg7 60. Rf4 Ra1 61. e6 Ra6+ 62. Ke5 Ra7 63. Rf7+ Rxf7 64. exf7 Kf8 65.
Be6 Bd1 66. Kd6 Bc2 67. Kc7 Ke7 68. d5 Ba4 69. d6+ Kf8 70. d7 Bxd7 71. Kxd7 Kg7
72. Ke7 1-0

[Event "European Blitz Championship 2021"]
[Site "Katowice"]
[Date "2021.12.17"]
[Round "22.25"]
[White "Gradalski, Olaf"]
[Black "Semjonovs, Ilja"]
[Result "0-1"]
[WhiteElo "1728"]
[BlackElo "2095"]
[Annotator "NA"]
[PlyCount "66"]
[EventDate "2021.12.17"]
[EventType "swiss"]
[EventCountry "POL"]
[SourceTitle "playchess.com"]
[Source "ChessBase"]
[SourceQuality "1"]

1. e4 c5 2. c3 Nf6 3. e5 Nd5 4. d4 cxd4 5. Nf3 Nc6 6. cxd4 d6 7. Bc4 e6 8. O-O
dxe5 9. dxe5 Nb6 10. Qxd8+ Nxd8 11. Bb3 Nc6 12. Nc3 a6 13. Be3 Nd7 14. Bf4 Nc5
15. Rfd1 Be7 16. Rac1 b5 17. Be3 Nxb3 18. axb3 Bb7 19. Ne4 Nxe5 20. Nxe5 Bxe4
21. Rc7 Bf6 22. Nxf7 O-O 23. Rdd7 Rac8 24. Rxc8 Rxc8 25. f3 Bd5 26. Nd6 Rc2 27.
g4 h6 28. Ra7 Bxf3 29. Rxa6 Rxb2 30. g5 hxg5 31. Rb6 g4 32. Rxb5 Rb1+ 33. Kf2
Bh4# 0-1

[Event "European Blitz Championship 2021"]
[Site "Katowice"]
[Date "2021.12.17"]
[Round "22.26"]
[White "Donchenko, Alexander"]
[Black "Janeczko, Jakub"]
[Result "1-0"]
[WhiteElo "2645"]
[BlackElo "2091"]
[Annotator "RC"]
[PlyCount "98"]
[EventDate "2021.12.17"]
[EventType "swiss"]
[EventCountry "POL"]
[SourceTitle "playchess.com"]
[Source "ChessBase"]
[SourceQuality "1"]

1. e4 c5 2. Nf3 Nc6 3. Bb5 g6 4. Bxc6 bxc6 5. d4 cxd4 6. Qxd4 Nf6 7. e5 Nd5 8.
e6 f6 9. exd7+ Qxd7 10. O-O e5 11. Qh4 Qg4 12. c4 Qxh4 13. Nxh4 Nb4 14. Nc3 Be6
15. b3 Rb8 16. Nf3 Bc5 17. Ne4 Be7 18. Be3 Nc2 19. Bxa7 Ra8 20. Rac1 Nb4 21.
Bc5 Nxa2 22. Ra1 Bf5 23. Nd6+ Bxd6 24. Bxd6 Kf7 25. h3 Bc2 26. b4 Bd3 27. Rfd1
Bxc4 28. Bxe5 Nxb4 29. Rd7+ Ke6 30. Rd6+ Ke7 31. Rxf6 Rxa1+ 32. Bxa1 Rf8 33.
Rxf8 Kxf8 34. Bd4 Nd3 35. Nd2 Bd5 36. Kf1 c5 37. f3 Nf4 38. Kf2 Nd3+ 39. Ke3
Ne1 40. Kf2 Nd3+ 41. Kg3 Nc1 42. Kf2 Nd3+ 43. Kf1 Nc1 44. Nb1 Na2 45. Kf2 Bc6
46. Ke3 Ba4 47. Kd2 Bb3 48. h4 h5 49. Na3 Nc1 1-0

[Event "European Blitz Championship 2021"]
[Site "Katowice"]
[Date "2021.12.17"]
[Round "22.26"]
[White "Golubovskis, Maksims"]
[Black "Kubicka, Anna"]
[Result "0-1"]
[WhiteElo "2088"]
[BlackElo "2273"]
[Annotator "NA"]
[PlyCount "58"]
[EventDate "2021.12.17"]
[EventType "swiss"]
[EventCountry "POL"]
[SourceTitle "playchess.com"]
[Source "ChessBase"]
[SourceQuality "1"]

1. e4 c5 2. Nf3 d6 3. d4 cxd4 4. Nxd4 Nf6 5. f3 e5 6. Nb3 a5 7. a4 Be7 8. Be3
O-O 9. c4 Na6 10. Be2 Be6 11. Nc3 Rc8 12. Nd5 Bxd5 13. cxd5 Nb4 14. Rc1 Nh5 15.
O-O Bg5 16. Qd2 Bxe3+ 17. Qxe3 Nf4 18. Rxc8 Qg5 19. Rxf8+ Kxf8 20. Qxf4 Qxf4
21. Kf2 Qxh2 22. Nxa5 Qh4+ 23. Kg1 Nc2 24. Nxb7 Qf4 25. Kh1 Qd2 26. Bb5 Ne3 27.
Rg1 Qf2 28. g3 Qxf3+ 29. Kh2 Qh5# 0-1